| Поле | Название | Значение |
| |
Тип записи |
a |
| |
Библиографический уровень |
m |
| 001 |
Контрольный номер |
RU/IS/BASE/166791001 |
| 005 |
Дата корректировки |
20180510181730.2 |
| 010 |
Индекс ISBN |
__ |
| a |
ISBN |
5-85129-171-0 |
| d |
Цена |
81-37; 160-80 |
| 200 |
Заглавие и сведения об ответственности |
__ |
| a |
Заглавие |
Библиотеки. Население. Местная власть : информационное сотрудничество продолжается |
| e |
Сведения, относящиеся к заглавию |
сб. док. и материалов |
| f |
Первые сведения об ответственности |
[ред.-сост. И. Михнова] |
| 210 |
Выходные данные |
__ |
| a |
Место издания |
М. |
| c |
Издательство |
Либерея |
| d |
Дата издания |
2003 |
| 215 |
Физическое описание |
__ |
| a |
Объем |
192 с. |
| c |
Иллюстрации/тип воспроизводства |
ил. |
| 300 |
Общие примечания |
__ |
| a |
Общие примечания |
Прил. к журн. "Библиотека" |
| 318 |
Примечание о действии |
__ |
| a |
Действие |
п |
| 330 |
Аннотация |
__ |
| a |
Аннотация |
Основу сборника составили материалы, подготовленные в ходе исследования "Создание действующей модели информационного обслуживания различных групп населения средствами муниципальных библиотек и оказание методической помощи органам местной власти и библиотекам в создании муниципальных информационных центров" (2000-2001 г.г.) в рамках федеральной целевой программы Министерства по делам Федерации, национальной и миграционной политики РФ и Министерства культуры РФ. В книгу также вошли описанияя деятельности библиотек, представляющей общественный интерес, и библиотечные документы, которые могут быть использованы при разработке документационного обеспечения эффективной работы муниципальной библиотеки. |
| 606 |
Тематические рубрики |
__ |
| a |
Основная рубрика |
Библиотечное дело |
| 608 |
Указатель предметных рубрик |
__ |
| a |
Жанр/форма |
сборник документов |
| 610 |
Ключевые слова |
__ |
| a |
Ключевые слова |
библиотека муниципальная, самоуправление местное, маркетинг библиотечный, центр информационный, ресурсы информационные, управление библиотекой, обслуживание информационно-библиотечное |
| 686 |
Индексы других классификаций |
__ |
| a |
Индекс ББК |
78.34(2Рос) |
| 801 |
Источник записи |
_0 |
| a |
Страна |
RU |
| b |
Организация |
ЦРБ, Сургут |
| g |
Правила каталогизации |
ОКиО/Сычева |
| 801 |
Источник записи |
_1 |
| a |
Страна |
RU |
| b |
Организация |
ЦРБ, Сургут |
| g |
Правила каталогизации |
ОКиО/Сычева |
| 852 |
Данные о местонахождении |
__ |
| j |
Шифр хранения |
78.34(2Рос) |
| i |
Авторский знак |
Б 594 |
| p |
Инвентарный номер |
87770 |
| b |
Сигла хранения |
МО-2; 26 |
| 901 |
Тип документа |
__ |
| t |
Тип документа |
m |
| 990 |
Данные о заказе (DOS) |
__ |
| h |
N записи в КСУ для Б/У (DOS) |
2005-4, 2005-6 |
| j |
Количество экземпляров (DOS) |
3 |